| 000 | 01507nam a2200325 a 4500 | ||
|---|---|---|---|
| 001 | BRCA_2648 | ||
| 005 | 20190320203915.0 | ||
| 008 | 011208s1883----sp-a---###---#000-0dspa-u | ||
| 041 | _aspa | ||
| 044 | _asp | ||
| 084 |
_a194 _b.M67 _c1883 |
||
| 100 | 1 |
_aCervantes Saavedra, Miguel de _d1547-1616 _9213 |
|
| 245 | 1 | 0 |
_aEl Ingenioso Hidalgo Don Quijote de la Mancha _ccompuesto por Miguel de Cervantes Saavedra. |
| 260 |
_aBarcelona _bMontaner y Simón _c1883 |
||
| 300 |
_a2 v. _bil. (algunas a color) _c39 cm. |
||
| 500 | _aContenido : v 1. Primera parte. Retrato de Cervantes. Vida de Cervantes por Díaz de Benjumea. Dedicatoria del autor. Prólogo del autor. Versos preliminares. Texto. -- v 2. Segunda parte. Dedicatoria del autor. Prólogo del autor. Notas. Texto | ||
| 500 | _aEdición : Edición anotada por Nicolas Díaz de Benjumeaj e ilustrado por Ricardo Balaca | ||
| 500 | _aEjemplar por completo igual al LO-193 Lúdovik Osterc | ||
| 500 | _aCon ex-libris de : Quod Sequor Fugit | ||
| 500 | _aQMB90 | ||
| 650 | 1 | 4 |
_aNovela española _yÉpoca clásica, 1500-1700 _9215 |
| 650 | 1 | 4 |
_aLiteratura española _yÉpoca clásica, 1500-1700 _9216 |
| 650 | 1 | 4 |
_aNovela española _ySiglo XVII _9217 |
| 650 | 1 | 4 |
_aDon Quijote (Personaje ficticio) _eNovela _9218 |
| 700 | 1 |
_aDíaz de Benjumea, Nicolás _d1820-1884 _eAnotador _97527 |
|
| 700 | 1 |
_aBalaca y Canseco, Ricardo _d1844-1880 _eIlustrador _97528 |
|
| 740 | 0 | _aEl Ingenioso Hidalgo Don Quijote de la Mancha | |
| 902 | _aQFM | ||
| 942 |
_2lcc _cB |
||
| 999 |
_c2388 _d2388 |
||